<?xml version="1.0" encoding="UTF-8"?>
<record
    xmlns:xsi="http://www.w3.org/2001/XMLSchema-instance"
    xsi:schemaLocation="http://www.loc.gov/MARC21/slim http://www.loc.gov/standards/marcxml/schema/MARC21slim.xsd"
    xmlns="http://www.loc.gov/MARC21/slim">

  <leader>00496nam a2200169Ia 4500</leader>
  <controlfield tag="008">230718s9999    xx            000 0 und d</controlfield>
  <datafield tag="020" ind1=" " ind2=" ">
    <subfield code="a">9789381075616</subfield>
  </datafield>
  <datafield tag="041" ind1=" " ind2=" ">
    <subfield code="a">eng</subfield>
  </datafield>
  <datafield tag="082" ind1=" " ind2=" ">
    <subfield code="a">004</subfield>
    <subfield code="b">RED</subfield>
  </datafield>
  <datafield tag="100" ind1=" " ind2=" ">
    <subfield code="a">Reddy E.S.</subfield>
  </datafield>
  <datafield tag="245" ind1=" " ind2=" ">
    <subfield code="a">GATE Computer Science And Information Technology</subfield>
    <subfield code="b">The Complete Reference</subfield>
  </datafield>
  <datafield tag="260" ind1=" " ind2=" ">
    <subfield code="c">2012</subfield>
    <subfield code="b">BS Publications</subfield>
  </datafield>
  <datafield tag="300" ind1=" " ind2=" ">
    <subfield code="a">1425</subfield>
  </datafield>
  <datafield tag="365" ind1=" " ind2=" ">
    <subfield code="c">Rs.</subfield>
    <subfield code="b">895.00</subfield>
  </datafield>
  <datafield tag="700" ind1=" " ind2=" ">
    <subfield code="a">Reddy E.S. &amp; Ramesh J.V.N.</subfield>
  </datafield>
  <datafield tag="906" ind1=" " ind2=" ">
    <subfield code="d">O:0453422-Jul-2015B:IN 57710-Jul-2015</subfield>
    <subfield code="c">COMP</subfield>
    <subfield code="b">895</subfield>
  </datafield>
  <datafield tag="999" ind1=" " ind2=" ">
    <subfield code="c">339765</subfield>
    <subfield code="d">339765</subfield>
  </datafield>
  <datafield tag="952" ind1=" " ind2=" ">
    <subfield code="0">0</subfield>
    <subfield code="1">0</subfield>
    <subfield code="4">0</subfield>
    <subfield code="7">0</subfield>
    <subfield code="a">CCEP</subfield>
    <subfield code="b">CCEP</subfield>
    <subfield code="d">2015-07-22</subfield>
    <subfield code="e">Pradeep Book Distributors</subfield>
    <subfield code="f">COMP</subfield>
    <subfield code="g">671.25</subfield>
    <subfield code="i">IN 577</subfield>
    <subfield code="l">0</subfield>
    <subfield code="o">004</subfield>
    <subfield code="p">CCEP-BK-50972</subfield>
    <subfield code="r">2023-07-18 00:00:00</subfield>
    <subfield code="t">895</subfield>
    <subfield code="v">895.00</subfield>
    <subfield code="w">2015-07-10</subfield>
    <subfield code="y">BK</subfield>
    <subfield code="z">050972</subfield>
  </datafield>
</record>
